Top 10 Ventes de Voitures en France par année - #4 1990 / 1999 - Statistiques

Statistiques générales
  • Ce quiz a été pris 8 fois
  • Le résultat moyen est 41 sur 100
Statistiques - réponses
Hint Réponse % Correct
2 Peugeot 206
100%
1 | 3 Peugeot 205
86%
1 | 2 | 7 Renault Clio
86%
7 Renault Twingo
57%
2 | 3 | 4 | +2 others Peugeot 106
57%
4 | 8 | 10 Peugeot 406
57%
3 | 5 | 7 Renault Megane
57%
3 | 4 | 5 | 7 Renault Twingo
57%
10 Fiat Punto
43%
10 Opel Corsa
43%
2 | 5 | 8 Peugeot 306
43%
2 | 3 | 4 | 6 Renault 19
43%
2 | 4 | 6 Renault 21
43%
1 Renault Clio II
43%
3 | 6 Renault Scenic
43%
4 Renault Twingo
43%
6 | 8 | 9 | 10 Citroen AX
29%
10 Citroen BX
29%
5 | 6 Citroen Xsara
29%
4 | 5 Peugeot 405
29%
5 | 6 | 7 | +2 others Renault Laguna
29%
9 | 10 Citroen Saxo
14%
6 | 8 | 9 Citroen Xantia
14%
6 | 7 | 8 | 9 Citroen ZX
14%
7 | 8 | 9 | 10 Ford Fiesta II
14%
9 Opel Corsa II
14%
8 Peugeot 309
14%
3 Renault Supercinq
14%
9 Volkswagen Golf II
14%
9 | 10 Volkswagen Golf III
14%
10 Volkswagen Polo III
14%
Aucun quiz correspondant
Distribution des résultats
% des personnes avec chaque résultat
Percentile par nombre de réponses
Votre historique - résultats
Vous n’avez pas pris ce quiz